[Event "Turkish Cup 2022"]
[Site "Sakarya"]
[Date "2022.03.29"]
[Round "7.42"]
[White "Gok, Emre"]
[Black "Celik, Ege Yigit"]
[Result "1/2-1/2"]
[WhiteElo "1745"]
[BlackElo "1466"]
[Annotator "COMBH"]
[PlyCount "158"]
[EventDate "2022.03.25"]
[EventType "swiss"]
[EventCountry "TUR"]
[SourceTitle "playchess.com"]
[Source "ChessBase"]
[SourceQuality "1"]
[TimeControl "5400+30"]

1. b3 Nf6 2. Bb2 g6 3. Nf3 Bg7 4. d4 {[%emt 0:05:30]} O-O {[%emt 0:01:30]} 5. e3 {[%emt 0:00:30]} d6 {[%emt 0:00:30]} 6. Bd3 {[%emt 0:00:30]} Nc6 {[%emt 0:02:30]} 7. O-O {[%emt 0:00:30]} e5 {[%emt 0:01:30]} 8. dxe5 {[%emt 0:00:30]} Ng4 {[%emt 0:00:30]} 9. Nc3 {[%emt 0:02:30]} Ngxe5 {[%emt 0:01:30]} 10. Be2 {[%emt 0:00:30]} Re8 {[%emt 0:02:30]} 11. Nd4 {[%emt 0:01:30]} Nxd4 {[%emt 0:05:30]} 12. exd4 {[%emt 0:00:30]} Nc6 {[%emt 0:01:30]} 13. d5 {[%emt 0:05:30]} Nd4 {[%emt 0:02:30]} 14. Bd3 {[%emt 0:01:30]} Bf5 {[%emt 0:01:30]} 15. Bxf5 {[%emt 0:07:30]} Nxf5 {[%emt 0:00:30]} 16. Qd3 {[%emt 0:00:30]} Qe7 {[%emt 0:04:30]} 17. Rad1 {[%emt 0:04:30]} a6 {[%emt 0:08:30]} 18. Na4 {[%emt 0:08:30]} b5 {[%emt 0:10:30]} 19. Bxg7 {[%emt 0:04:30]} Kxg7 {[%emt 0:01:30]} 20. Nc3 {[%emt 0:01:30]} b4 {[%emt 0:04:30]} 21. Nb1 {[%emt 0:06:30]} Qe2 {[%emt 0:04:30]} 22. Rd2 {[%emt 0:03:30]} Qe5 {[%emt 0:05:30]} 23. c3 {[%emt 0:10:30]} Rab8 {[%emt 0:07:30]} 24. cxb4 {[%emt 0:07:30]} Rxb4 {[%emt 0:02:30]} 25. Qc3 {[%emt 0:04:30]} Rd4 {[%emt 0:01:30]} 26. Qxc7 {[%emt 0:04:30]} Qxd5 {[%emt 0:09:30]} 27. Nc3 {[%emt 0:02:51]} Qe6 {[%emt 0:05:43]} 28. Rxd4 {[%emt 0:03:04]} Nxd4 {[%emt 0:00:30]} 29. Qa7 {[%emt 0:04:20]} Nb5 {[%emt 0:02:49]} 30. Nxb5 {[%emt 0:00:30]} axb5 {[%emt 0:00:30]} 31. g3 {[%emt 0:00:30]} Qd5 {[%emt 0:00:30]} 32. Qa5 {[%emt 0:01:32]} h5 {[%emt 0:07:02]} 33. Qc3+ {[%emt 0:00:17]} Kg8 {[%emt 0:00:18]} 34. h4 {[%emt 0:00:58]} Re4 {[%emt 0:00:22]} 35. Rc1 {[%emt 0:01:51]} b4 {[%emt 0:00:15]} 36. Qf6 {[%emt 0:00:21]} Qe6 {[%emt 0:02:04]} 37. Qd8+ {[%emt 0:05:00]} Qe8 {[%emt 0:04:49]} 38. Rc8 {[%emt 0:00:18]} Qxd8 {[%emt 0:00:47]} 39. Rxd8+ {[%emt 0:00:30]} Kg7 {[%emt 0:00:30]} 40. Rxd6 {[%emt 0:00:30]} Re2 {[%emt 0:00:30]} 41. Rd4 {[%emt 0:00:30]} Rxa2 {[%emt 0:00:30]} 42. Rxb4 {[%emt 0:00:30]} Rb2 {[%emt 0:00:30]} 43. Rb6 {[%emt 0:00:00]} Kf8 {[%emt 0:00:00]} 44. Kg2 {[%emt 0:00:00]} Ke7 {[%emt 0:00:00]} 45. Kf3 {[%emt 0:00:00]} Kd7 {[%emt 0:00:00]} 46. Ke3 {[%emt 0:00:16]} Kc7 {[%emt 0:00:07]} 47. Rb4 {[%emt 0:00:00]} Kc6 {[%emt 0:00:30]} 48. f3 {[%emt 0:00:00]} Kd6 {[%emt 0:02:15]} 49. Kf4 {[%emt 0:00:12]} Ke6 {[%emt 0:00:30]} 50. Rb6+ {[%emt 0:00:30]} Ke7 {[%emt 0:00:21]} 51. Rb7+ {[%emt 0:00:03]} Kf6 {[%emt 0:00:30]} 52. b4 {[%emt 0:01:30]} Rb1 {[%emt 0:01:21]} 53. Rb6+ {[%emt 0:00:30]} Ke7 {[%emt 0:00:30]} 54. Kg5 {[%emt 0:00:30]} Rb3 {[%emt 0:00:16]} 55. Kf4 {[%emt 0:01:11]} Rb1 {[%emt 0:00:30]} 56. Rb8 {[%emt 0:00:30]} Kf6 {[%emt 0:00:30]} 57. g4 {[%emt 0:00:30]} hxg4 {[%emt 0:00:30]} 58. fxg4 {[%emt 0:00:30]} Rf1+ {[%emt 0:00:30]} 59. Kg3 {[%emt 0:00:30]} Rb1 {[%emt 0:00:30]} 60. Rb6+ {[%emt 0:01:24]} Kg7 {[%emt 0:00:59]} 61. h5 {[%emt 0:01:44]} Rg1+ {[%emt 0:00:24]} 62. Kh4 {[%emt 0:02:04]} Rh1+ {[%emt 0:00:28]} 63. Kg5 {[%emt 0:00:00]} gxh5 {[%emt 0:00:30]} 64. gxh5 {[%emt 0:00:29]} Rg1+ {[%emt 0:00:30]} 65. Kf5 {[%emt 0:00:30]} Rf1+ {[%emt 0:00:30]} 66. Ke5 {[%emt 0:00:30]} f5 {[%emt 0:00:30]} 67. h6+ {[%emt 0:00:00]} Kh7 {[%emt 0:00:44]} 68. b5 {[%emt 0:00:00]} f4 {[%emt 0:00:33]} 69. Ke4 {[%emt 0:00:05]} Rf2 {[%emt 0:00:05]} 70. Rf6 {[%emt 0:00:47]} Rb2 {[%emt 0:00:30]} 71. b6 {[%emt 0:00:18]} Rb4+ {[%emt 0:00:45]} 72. Kf3 {[%emt 0:00:02]} Kh8 {[%emt 0:00:29]} 73. Kg4 {[%emt 0:02:35]} Kh7 {[%emt 0:00:16]} 74. Kg5 {[%emt 0:01:52]} f3 {[%emt 0:00:13]} 75. Rf7+ {[%emt 0:00:29]} Kg8 {[%emt 0:00:35]} 76. h7+ {[%emt 0:00:30]} Kh8 {[%emt 0:00:00]} 77. b7 {[%emt 0:01:17]} f2 {[%emt 0:00:45]} 78. Kg6 {[%emt 0:00:30]} Rb6+ {[%emt 0:00:30]} 79. Kg5 {[%emt 0:00:10]} Rxb7 {[%emt 0:00:00]} 1/2-1/2

[Event "Turkish Cup 2022"]
[Site "Sakarya"]
[Date "2022.03.29"]
[Round "7.45"]
[White "Gursu, Sungur"]
[Black "Basaran, Cahit"]
[Result "1-0"]
[WhiteElo "1562"]
[BlackElo "1782"]
[Annotator "NA"]
[PlyCount "131"]
[EventDate "2022.03.25"]
[EventType "swiss"]
[EventCountry "TUR"]
[SourceTitle "playchess.com"]
[Source "ChessBase"]
[SourceQuality "1"]
[TimeControl "5400+30"]

1. e4 e5 2. d4 exd4 3. c3 dxc3 4. Bc4 d6 5. Nxc3 {[%emt 0:04:00]} Nf6 {[%emt 0:04:00]} 6. Qb3 {[%emt 0:02:30]} Qe7 {[%emt 0:01:30]} 7. Bg5 {[%emt 0:06:30]} c6 {[%emt 0:00:30]} 8. O-O-O {[%emt 0:04:30]} Nbd7 {[%emt 0:04:30]} 9. Nf3 {[%emt 0:04:30]} Nc5 {[%emt 0:02:30]} 10. Qc2 {[%emt 0:01:30]} Be6 {[%emt 0:01:30]} 11. Bxe6 {[%emt 0:01:30]} Qxe6 {[%emt 0:00:30]} 12. Rhe1 {[%emt 0:01:30]} Ncd7 {[%emt 0:01:30]} 13. Nd5 {[%emt 0:07:30]} O-O-O {[%emt 0:03:30]} 14. Kb1 {[%emt 0:01:30]} Kb8 {[%emt 0:17:30]} 15. Nf4 {[%emt 0:00:30]} Qe8 {[%emt 0:00:30]} 16. Nd3 {[%emt 0:12:30]} h6 {[%emt 0:01:30]} 17. e5 {[%emt 0:09:30]} dxe5 {[%emt 0:05:30]} 18. Ndxe5 {[%emt 0:00:30]} Nxe5 {[%emt 0:12:30]} 19. Rxe5 {[%emt 0:18:30]} Rxd1+ {[%emt 0:10:30]} 20. Qxd1 {[%emt 0:00:00]} Be7 {[%emt 0:00:30]} 21. Bf4 {[%emt 0:04:00]} Kc8 {[%emt 0:01:30]} 22. Qe1 {[%emt 0:04:27]} Nd5 {[%emt 0:00:30]} 23. Rxd5 {[%emt 0:00:30]} cxd5 {[%emt 0:00:30]} 24. Qe5 {[%emt 0:00:30]} Qd8 {[%emt 0:06:30]} 25. Qb8+ {[%emt 0:03:31]} Kd7 {[%emt 0:00:30]} 26. Qxb7+ {[%emt 0:00:09]} Ke8 {[%emt 0:00:00]} 27. Qxa7 {[%emt 0:00:49]} Qd7 {[%emt 0:03:00]} 28. Qb8+ {[%emt 0:00:39]} Bd8 {[%emt 0:00:30]} 29. Qe5+ {[%emt 0:01:21]} Kf8 {[%emt 0:00:30]} 30. Qd6+ {[%emt 0:03:09]} Qxd6 {[%emt 0:00:30]} 31. Bxd6+ {[%emt 0:00:30]} Ke8 {[%emt 0:00:30]} 32. Bc5 {[%emt 0:00:30]} Bf6 {[%emt 0:00:30]} 33. b4 {[%emt 0:00:30]} Kd7 {[%emt 0:00:30]} 34. a4 {[%emt 0:00:30]} Be7 {[%emt 0:00:30]} 35. Bxe7 {[%emt 0:00:30]} Kxe7 {[%emt 0:02:30]} 36. Kc2 {[%emt 0:00:00]} Kd6 {[%emt 0:00:00]} 37. Kb3 {[%emt 0:00:14]} Re8 {[%emt 0:00:00]} 38. Nd4 {[%emt 0:00:30]} Re1 {[%emt 0:00:30]} 39. a5 {[%emt 0:00:30]} g6 {[%emt 0:00:30]} 40. Nb5+ {[%emt 0:00:30]} Kc6 {[%emt 0:00:30]} 41. Nd4+ {[%emt 0:03:40]} Kb7 {[%emt 0:01:30]} 42. b5 {[%emt 0:01:09]} Rc1 {[%emt 0:01:30]} 43. Nc6 {[%emt 0:01:25]} Rg1 {[%emt 0:01:31]} 44. Kb4 {[%emt 0:01:22]} Rxg2 {[%emt 0:00:12]} 45. Kc5 {[%emt 0:00:45]} Rxf2 {[%emt 0:00:42]} 46. a6+ {[%emt 0:00:13]} Ka8 {[%emt 0:01:05]} 47. b6 {[%emt 0:01:16]} Rb2 {[%emt 0:00:40]} 48. b7+ {[%emt 0:01:36]} Rxb7 {[%emt 0:00:30]} 49. axb7+ {[%emt 0:00:00]} Kxb7 {[%emt 0:00:00]} 50. Kxd5 {[%emt 0:00:00]} g5 {[%emt 0:02:11]} 51. Nd8+ {[%emt 0:00:20]} Kc7 {[%emt 0:02:00]} 52. Nxf7 {[%emt 0:00:30]} Kd7 {[%emt 0:00:26]} 53. Nxh6 {[%emt 0:00:47]} Ke7 {[%emt 0:00:30]} 54. Ke5 {[%emt 0:00:30]} Kf8 {[%emt 0:00:30]} 55. Kf6 {[%emt 0:00:30]} g4 {[%emt 0:00:30]} 56. Nxg4 {[%emt 0:00:30]} Kg8 {[%emt 0:00:30]} 57. Kg6 {[%emt 0:00:30]} Kh8 {[%emt 0:00:30]} 58. h4 {[%emt 0:00:30]} Kg8 {[%emt 0:00:00]} 59. h5 {[%emt 0:00:00]} Kh8 {[%emt 0:00:00]} 60. Ne5 {[%emt 0:00:00]} Kg8 {[%emt 0:00:00]} 61. h6 {[%emt 0:00:00]} Kh8 {[%emt 0:00:00]} 62. Nf7+ {[%emt 0:00:09]} Kg8 {[%emt 0:00:26]} 63. h7+ {[%emt 0:00:30]} Kf8 {[%emt 0:00:30]} 64. h8=Q+ {[%emt 0:00:30]} Ke7 {[%emt 0:00:30]} 65. Qd8+ {[%emt 0:00:00]} Ke6 {[%emt 0:00:00]} 66. Qd6# {[%emt 0:00:00]} 1-0

[Event "Turkish Cup 2022"]
[Site "Sakarya"]
[Date "2022.03.29"]
[Round "7.46"]
[White "Vursan, Emre Can"]
[Black "Topuz, Mirac Melih"]
[Result "1-0"]
[WhiteElo "1741"]
[BlackElo "1515"]
[Annotator "NA"]
[PlyCount "121"]
[EventDate "2022.03.25"]
[EventType "swiss"]
[EventCountry "TUR"]
[SourceTitle "playchess.com"]
[Source "ChessBase"]
[SourceQuality "1"]
[TimeControl "5400+30"]

1. f4 d5 2. b3 {[%emt 0:05:30]} Nf6 {[%emt 0:01:30]} 3. Nf3 {[%emt 0:00:30]} c5 {[%emt 0:00:30]} 4. e3 {[%emt 0:00:30]} Nc6 {[%emt 0:00:30]} 5. Bb5 {[%emt 0:00:30]} Bg4 {[%emt 0:00:30]} 6. Bxc6+ {[%emt 0:00:30]} bxc6 {[%emt 0:00:30]} 7. Bb2 {[%emt 0:00:30]} e6 {[%emt 0:00:00]} 8. O-O {[%emt 0:00:00]} Be7 {[%emt 0:01:00]} 9. d3 {[%emt 0:00:00]} O-O {[%emt 0:00:30]} 10. Qe1 {[%emt 0:00:00]} Bxf3 {[%emt 0:02:30]} 11. Rxf3 {[%emt 0:00:00]} d4 {[%emt 0:00:30]} 12. Nd2 {[%emt 0:00:30]} Ng4 {[%emt 0:09:30]} 13. Nc4 {[%emt 0:01:30]} Bf6 {[%emt 0:00:30]} 14. e4 {[%emt 0:01:30]} h5 {[%emt 0:11:30]} 15. h3 {[%emt 0:06:30]} Nh6 {[%emt 0:02:30]} 16. Qa5 {[%emt 0:20:30]} Be7 {[%emt 0:02:30]} 17. Re1 {[%emt 0:21:30]} f6 {[%emt 0:07:30]} 18. Qd2 {[%emt 0:04:30]} Qe8 {[%emt 0:03:30]} 19. Qe2 {[%emt 0:05:30]} Rc8 {[%emt 0:07:30]} 20. f5 {[%emt 0:03:30]} Nf7 {[%emt 0:07:30]} 21. Rg3 {[%emt 0:02:30]} Ne5 {[%emt 0:00:30]} 22. Nxe5 {[%emt 0:04:30]} fxe5 {[%emt 0:00:30]} 23. Rg6 {[%emt 0:00:30]} exf5 {[%emt 0:04:30]} 24. Qxh5 {[%emt 0:00:00]} f4 {[%emt 0:01:30]} 25. Qg4 {[%emt 0:02:00]} Qf7 {[%emt 0:05:30]} 26. Re6 {[%emt 0:01:01]} Bf6 {[%emt 0:16:42]} 27. Ba3 {[%emt 0:00:30]} f3 {[%emt 0:02:30]} 28. gxf3 {[%emt 0:00:48]} Rfe8 {[%emt 0:00:30]} 29. Rxe8+ {[%emt 0:00:30]} Rxe8 {[%emt 0:00:30]} 30. Bxc5 {[%emt 0:00:30]} Re6 {[%emt 0:00:30]} 31. Kh2 {[%emt 0:02:30]} Bd8 {[%emt 0:02:40]} 32. Rg1 {[%emt 0:00:30]} Rf6 {[%emt 0:00:30]} 33. Rg3 {[%emt 0:00:30]} Rf4 {[%emt 0:03:27]} 34. Qc8 {[%emt 0:02:35]} Qf6 {[%emt 0:00:15]} 35. Kg2 {[%emt 0:05:10]} Kh7 {[%emt 0:00:02]} 36. Qd7 {[%emt 0:00:10]} Ba5 {[%emt 0:04:51]} 37. b4 {[%emt 0:00:30]} Bb6 {[%emt 0:00:00]} 38. Bd6 {[%emt 0:00:23]} Bd8 {[%emt 0:02:38]} 39. Bxe5 {[%emt 0:00:50]} Qxe5 {[%emt 0:01:24]} 40. Qxd8 {[%emt 0:00:02]} Rf6 {[%emt 0:00:29]} 41. Qd7 {[%emt 0:01:08]} Rf8 {[%emt 0:00:25]} 42. Qxa7 {[%emt 0:01:37]} Qf6 {[%emt 0:00:17]} 43. Qc5 {[%emt 0:00:00]} Ra8 {[%emt 0:00:34]} 44. Qf5+ {[%emt 0:01:47]} Qxf5 {[%emt 0:00:30]} 45. exf5 {[%emt 0:00:30]} Rxa2 {[%emt 0:00:30]} 46. Rg4 {[%emt 0:00:39]} Rxc2+ {[%emt 0:00:00]} 47. Kg3 {[%emt 0:00:30]} c5 {[%emt 0:00:26]} 48. bxc5 {[%emt 0:00:30]} Rxc5 {[%emt 0:00:30]} 49. Kf4 {[%emt 0:00:10]} Rc1 {[%emt 0:00:26]} 50. Ke4 {[%emt 0:00:17]} Kh6 {[%emt 0:01:35]} 51. Kxd4 {[%emt 0:00:30]} Rh1 {[%emt 0:00:30]} 52. Rg6+ {[%emt 0:00:30]} Kh7 {[%emt 0:00:30]} 53. Rg3 {[%emt 0:00:30]} Re1 {[%emt 0:00:30]} 54. Kd5 {[%emt 0:00:30]} Re8 {[%emt 0:00:30]} 55. d4 {[%emt 0:00:00]} Rd8+ {[%emt 0:00:00]} 56. Ke4 {[%emt 0:00:05]} Re8+ {[%emt 0:00:17]} 57. Kd3 {[%emt 0:00:30]} Rf8 {[%emt 0:00:30]} 58. Rg5 {[%emt 0:00:30]} Kh6 {[%emt 0:00:30]} 59. h4 {[%emt 0:00:30]} Rd8 {[%emt 0:00:30]} 60. Rg6+ {[%emt 0:00:30]} Kh7 {[%emt 0:00:00]} 61. Ke4 {[%emt 0:00:00]} 1-0

[Event "Turkish Cup 2022"]
[Site "Sakarya"]
[Date "2022.03.29"]
[Round "7.47"]
[White "Camdereli, Gunduz"]
[Black "Sahin, Handenur"]
[Result "0-1"]
[WhiteElo "1737"]
[BlackElo "1997"]
[Annotator "NA"]
[PlyCount "66"]
[EventDate "2022.03.25"]
[EventType "swiss"]
[EventCountry "TUR"]
[SourceTitle "playchess.com"]
[Source "ChessBase"]
[SourceQuality "1"]
[TimeControl "5400+30"]

1. e4 e5 2. Nf3 Nc6 3. Bb5 a6 4. Ba4 Nf6 5. O-O Be7 6. Re1 {[%emt 0:04:30]} b5 {[%emt 0:03:30]} 7. Bb3 {[%emt 0:00:30]} d6 {[%emt 0:00:30]} 8. c3 {[%emt 0:00:30]} O-O {[%emt 0:00:30]} 9. h3 {[%emt 0:00:30]} Nd7 {[%emt 0:00:30]} 10. d4 {[%emt 0:00:30]} Bf6 {[%emt 0:02:30]} 11. d5 {[%emt 0:00:30]} Ne7 {[%emt 0:01:30]} 12. a4 {[%emt 0:02:30]} Bb7 {[%emt 0:02:30]} 13. axb5 {[%emt 0:00:30]} axb5 {[%emt 0:00:30]} 14. Rxa8 {[%emt 0:00:30]} Qxa8 {[%emt 0:09:30]} 15. Na3 {[%emt 0:02:30]} Ba6 {[%emt 0:07:30]} 16. Nc2 {[%emt 0:06:30]} Nc5 {[%emt 0:03:30]} 17. Nb4 {[%emt 0:01:30]} Bb7 {[%emt 0:08:30]} 18. Bc2 {[%emt 0:07:30]} g6 {[%emt 0:07:30]} 19. Nh2 {[%emt 0:16:30]} Bg7 {[%emt 0:06:30]} 20. Ng4 {[%emt 0:09:30]} Kh8 {[%emt 0:07:30]} 21. Ne3 {[%emt 0:15:30]} Bc8 {[%emt 0:06:30]} 22. g4 {[%emt 0:14:14]} Bd7 {[%emt 0:02:30]} 23. Qf3 {[%emt 0:06:22]} Qc8 {[%emt 0:05:30]} 24. Rf1 {[%emt 0:08:10]} f5 {[%emt 0:01:30]} 25. gxf5 {[%emt 0:00:30]} gxf5 {[%emt 0:00:30]} 26. Nxf5 {[%emt 0:00:08]} Nxf5 {[%emt 0:05:49]} 27. exf5 {[%emt 0:00:17]} e4 {[%emt 0:00:18]} 28. Qe2 {[%emt 0:00:30]} Bxf5 {[%emt 0:00:30]} 29. f4 {[%emt 0:04:01]} Bxh3 {[%emt 0:02:31]} 30. Rf2 {[%emt 0:00:12]} Rg8 {[%emt 0:05:41]} 31. Kh2 {[%emt 0:00:48]} Bg4 {[%emt 0:00:38]} 32. Qf1 {[%emt 0:00:32]} Qf5 {[%emt 0:00:19]} 33. Kg1 {[%emt 0:00:43]} Bh3 {[%emt 0:01:10]} 0-1

[Event "Turkish Cup 2022"]
[Site "Sakarya"]
[Date "2022.03.30"]
[Round "8.1"]
[White "Yurtseven, Melih"]
[Black "Samani, Yamac"]
[Result "1-0"]
[WhiteElo "2388"]
[BlackElo "2257"]
[Annotator "TA"]
[PlyCount "85"]
[EventDate "2022.03.25"]
[EventType "swiss"]
[EventCountry "TUR"]
[SourceTitle "playchess.com"]
[Source "ChessBase"]
[SourceQuality "1"]

{[%evp 9,85,19,22,17,25,29,31,28,37,7,37,37,34,43,24,32,29,26,29,0,2,8,20,27,39,45,87,80,72,75,87,79,83,56,57,65,66,71,74,77,102,60,87,91,82,82,79,81,77,24,30,33,87,77,93,93,93,93,93,94,165,122,149,150,393,383,702,669,837,833,1148,1143,29989,5169,29991,29992,29998,29999]} 1. Nf3 d5 2. d4 e6 3. c4 a6 4. cxd5 exd5 5. Nc3 Nf6 6. Bg5 {D37: Queen's Gambit Declined: 5 Bf4.} Be6 7. e3 Nbd7 8. Bd3 {White is slightly better.} h6 9. Bh4 g5 10. Bg3 Nh5 11. Qb3 Nxg3 12. hxg3 c5 13. Qc2 {[#]} Bg7 $146 ({Predecessor:} 13... Rc8 14. e4 c4 15. Be2 dxe4 16. Qxe4 b5 17. d5 Nf6 {0-1 (40) Svane,R (2595)-Rodshtein,M (2695) Douglas 2017}) 14. Bf5 {Black must now prevent Bxe6.} Qf6 15. g4 Bxf5 16. gxf5 {Hoping for dxc5.} Qc6 17. Rd1 O-O-O (17... O-O $14) 18. dxc5 $1 $16 Nxc5 {[%cal Od5d4] [#]} 19. Nd4 $1 Bxd4 20. Rxd4 Ne4 21. Qd3 {[%cal Rc3d5]} Nxc3 22. bxc3 Rd6 23. O-O Rhd8 24. Rb1 Kb8 25. Qd2 (25. Rdb4 $16) 25... R8d7 26. Rd1 {[%cal Oc3c4] White is more active.} Kc7 27. a4 Qc5 28. Rb1 Kc8 29. Rdb4 (29. g3 $16) 29... Rc6 $11 30. R1b3 b6 (30... d4 $14 31. cxd4 (31. Rxd4 Qxf5 32. f3 b6 $11) 31... Qxf5) 31. Rd4 $16 Rcd6 32. Rb1 Kc7 33. Rd1 Rd8 34. Qd3 b5 (34... a5 $16 {was necessary.}) 35. Qd2 (35. axb5 $18 axb5 36. Rb1) 35... bxa4 36. Rxa4 Rc6 $2 {Loses the game.} (36... Kd7 $16 37. Rb1 Ke7) 37. c4 $18 d4 $2 (37... Rdd6) 38. exd4 {[%cal Be3d4,Bd4d5][%mdl 32]} Qxf5 39. d5 Rcd6 40. Re1 Kd7 41. Rb4 (41. Qb4 $142 Qb1 42. Rxb1 Rc8 43. c5 Ke7 44. cxd6+ Kf6 45. Rxa6 Rh8 46. d7+ Kg7 47. Qd4+ Kh7 48. Qe4+ Kg8 {[#]} 49. Rg6+ $3 {[%mdl 512]} fxg6 50. Qxg6+ Kf8 51. d8=Q#) 41... Kc8 42. Qb2 R6d7 43. Rb8+ {Weighted Error Value: White=0.08 (flawless) /Black=0.46} 1-0

[Event "Turkish Cup 2022"]
[Site "Sakarya"]
[Date "2022.03.30"]
[Round "8.2"]
[White "Ozdemir, Serhan Berat"]
[Black "Koksal, Ege"]
[Result "0-1"]
[WhiteElo "2185"]
[BlackElo "2343"]
[Annotator "TA"]
[PlyCount "100"]
[EventDate "2022.03.25"]
[EventType "swiss"]
[EventCountry "TUR"]
[SourceTitle "playchess.com"]
[Source "ChessBase"]
[SourceQuality "1"]

{[%evp 15,100,7,6,0,1,-36,0,-24,-15,-5,-20,-76,-69,-64,-71,-131,-133,-99,-107,-336,-306,-294,-92,-85,-92,-90,-90,-87,-91,-87,-96,-78,-84,-104,-70,-201,-195,-198,-191,-260,-251,-269,-275,-316,-304,-348,-342,-331,-323,-316,-272,-382,-377,-455,-438,-484,-453,-652,-560,-1634,-959,-1601,-1283,-1543,-1517,-1714,-1242,-2741,-1879,-5518,-4618,-5061,-4802,-4810,-3811,-1620,-1675,-29965,-29966,-29960,-29961,-29980,-29981,-29981,-29982,-29980,-29978]} 1. e4 e5 {[%cal Be7e5,Be5d4][%mdl 32]} 2. Nf3 Nc6 3. d4 exd4 4. Bc4 Bc5 5. c3 Nf6 6. e5 d5 7. Bb5 Ne4 8. cxd4 Bb6 9. h3 {C54: Giuoco Piano: 4 c3 Nf6, main lines with 5 d4 and 5 d3.} O-O 10. Be3 f6 {Strongly threatening ...fxe5.} (10... f5 {feels hotter.} 11. exf6 Qxf6 12. Nc3 Ba5 13. Qb3 Ne7) 11. Bxc6 {The position is equal.} bxc6 {[%cal Bb7c6,Bc6c5,Bc5d4][%mdl 32]} 12. O-O $1 f5 13. Qc1 (13. Nc3 $11 {remains equal.}) 13... f4 $1 $36 {[%mdl 2048] White is under pressure.} 14. Bxf4 c5 {[#] Black is more active.} 15. a4 $146 (15. dxc5 $142 Nxc5 16. Be3) ({Predecessor:} 15. dxc5 Nxc5 16. Be3 Nd3 17. Qd1 Ba6 18. Nc3 d4 19. Bg5 Qe8 20. Nd5 Kh8 21. Nxb6 axb6 22. Nxd4 Qxe5 {1-0 (58) Jobava,B (2707)-Kramnik,V (2808) Leuven 2017}) 15... cxd4 16. a5 Bc5 17. b4 $2 (17. Nbd2 $17 Rxf4 18. Nxe4 dxe4 19. Qxf4 exf3 20. Qxf3) 17... Bxb4 $19 18. Nxd4 Qe8 $2 (18... Qh4 $1 $19 19. g3 (19. Qc6 Qxf4 20. Qxa8 Ng3 $19) 19... Qxh3) 19. Qc6 $17 Qxc6 20. Nxc6 {[#]} Bc5 {This bishop pair is nice.} ({Of course not} 20... Rxf4 21. Nxb4 Be6 22. Nd3 $14) 21. Be3 Bxe3 22. fxe3 {White threatens Ne7+ and mate.} Rxf1+ 23. Kxf1 Bb7 24. Nd4 Ba6+ 25. Kg1 {[#]} ({White has to play} 25. Ke1 $1 $15) 25... c5 $1 $19 26. Nf3 Kf7 27. Ra3 (27. Nfd2 $142) 27... Rb8 28. Nc3 Ke6 29. h4 h6 30. Na4 Bc4 31. Nc3 Nxc3 32. Rxc3 {[%mdl 4096] Endgame KRB-KRN} Rb3 33. Rc1 (33. Rxb3 $142 Bxb3 34. Kf2) 33... Rxe3 34. Nd2 Rxe5 35. Nxc4 dxc4 36. Rxc4 {KR-KR} (36. Rd1 $142) 36... Kd5 37. Rf4 Re7 {Inhibits Rf7. And now ...c4 would win.} 38. Rf8 c4 {[%cal Bc5c4,Bc4c3][%mdl 32]} 39. Rc8 Kd4 40. Kf2 c3 {Hoping for ...Kd3.} 41. Rd8+ Kc4 42. Rc8+ Kb3 {...c2 is the strong threat.} 43. Rb8+ Ka2 {aiming for ...Rc7.} 44. Rc8 {Inhibits Rc7.} Kb2 45. Rb8+ Kc1 {White must now prevent ...Re5.} 46. a6 Re6 {Black mates.} 47. Rb7 Rxa6 48. Rxg7 c2 49. Rb7 Kd2 50. Rd7+ Kc3 {Weighted Error Value: White=0.92/Black=0.31} 0-1

[Event "Turkish Cup 2022"]
[Site "Sakarya"]
[Date "2022.03.30"]
[Round "8.3"]
[White "Sevgi, Volkan"]
[Black "Yavuz, Efe Metehan"]
[Result "0-1"]
[WhiteElo "2344"]
[BlackElo "2054"]
[Annotator "ChessBase"]
[PlyCount "120"]
[EventDate "2022.03.25"]
[EventType "swiss"]
[EventCountry "TUR"]
[SourceTitle "playchess.com"]
[Source "ChessBase"]
[SourceQuality "1"]
[TimeControl "5400+30"]

1. e4 {[%emt 0:03:00]} e5 {[%emt 0:01:00]} 2. Nc3 {[%emt 0:03:30]} Nf6 {[%emt 0:00:30]} 3. g3 {[%emt 0:00:30]} d5 {[%emt 0:00:30]} 4. exd5 {[%emt 0:00:30]} c6 {[%emt 0:00:30]} 5. d6 {[%emt 0:08:30]} Bxd6 {[%emt 0:00:30]} 6. Bg2 {[%emt 0:00:00]} O-O {[%emt 0:02:30]} 7. Nge2 {[%emt 0:00:00]} Bg4 {[%emt 0:07:30]} 8. h3 {[%emt 0:00:30]} Be6 {[%emt 0:01:30]} 9. d4 {[%emt 0:02:30]} Qc7 {[%emt 0:09:30]} 10. Bg5 {[%emt 0:02:30]} Nbd7 {[%emt 0:29:30]} 11. O-O {[%emt 0:03:30]} h6 {[%emt 0:02:30]} 12. Be3 {[%emt 0:10:30]} Nb6 {[%emt 0:02:30]} 13. Qc1 {[%emt 0:02:30]} Nfd5 {[%emt 0:05:30]} 14. dxe5 {[%emt 0:03:30]} Nxc3 {[%emt 0:02:30]} 15. Nxc3 {[%emt 0:08:30]} Bxe5 {[%emt 0:00:30]} 16. Ne4 {[%emt 0:01:30]} Nc4 {[%emt 0:01:30]} 17. c3 {[%emt 0:00:00]} Nxe3 {[%emt 0:01:30]} 18. Qxe3 {[%emt 0:00:00]} Rfe8 {[%emt 0:04:30]} 19. Nc5 {[%emt 0:05:30]} Bf5 {[%emt 0:07:15]} 20. Qf3 {[%emt 0:01:30]} Bg6 {[%emt 0:01:13]} 21. Rad1 {[%emt 0:03:30]} Re7 {[%emt 0:03:42]} 22. h4 {[%emt 0:00:30]} Rae8 {[%emt 0:06:08]} 23. h5 {[%emt 0:02:30]} Bh7 {[%emt 0:00:51]} 24. Qg4 {[%emt 0:04:30]} Qb6 {[%emt 0:03:27]} 25. Na4 {[%emt 0:03:30]} Qb5 {[%emt 0:00:30]} 26. b3 {[%emt 0:00:30]} Bf6 {[%emt 0:00:30]} 27. c4 {[%emt 0:00:30]} Qf5 {[%emt 0:01:02]} 28. Qxf5 {[%emt 0:03:30]} Bxf5 {[%emt 0:00:30]} 29. Bf3 {[%emt 0:00:30]} Bh3 {[%emt 0:00:30]} 30. Bg2 {[%emt 0:00:30]} Bg4 {[%emt 0:00:00]} 31. f3 {[%emt 0:07:52]} Bxh5 {[%emt 0:00:00]} 32. g4 {[%emt 0:00:08]} Bg6 {[%emt 0:00:00]} 33. f4 {[%emt 0:00:30]} Be4 {[%emt 0:02:23]} 34. Nc5 {[%emt 0:01:12]} Bxg2 {[%emt 0:00:30]} 35. Kxg2 {[%emt 0:00:00]} b6 {[%emt 0:00:36]} 36. Nd7 {[%emt 0:00:18]} Bc3 {[%emt 0:00:25]} 37. Rf3 {[%emt 0:01:29]} Re2+ {[%emt 0:00:16]} 38. Kf1 {[%emt 0:00:59]} Rc2 {[%emt 0:00:40]} 39. c5 {[%emt 0:02:12]} bxc5 {[%emt 0:01:23]} 40. Nxc5 {[%emt 0:01:00]} Ba5 {[%emt 0:00:03]} 41. Nd3 {[%emt 0:03:14]} Rxa2 {[%emt 0:01:30]} 42. Ne5 {[%emt 0:00:07]} Bc7 {[%emt 0:01:13]} 43. Nxc6 {[%emt 0:01:21]} Bb6 {[%emt 0:02:21]} 44. Ne5 {[%emt 0:00:17]} f6 {[%emt 0:00:01]} 45. Nc4 {[%emt 0:09:17]} Ree2 {[%emt 0:00:31]} 46. Nxb6 {[%emt 0:00:30]} axb6 {[%emt 0:00:00]} 47. Ra1 {[%emt 0:00:08]} Rab2 {[%emt 0:00:00]} 48. g5 {[%emt 0:01:49]} Rh2 {[%emt 0:00:43]} 49. Kg1 {[%emt 0:03:41]} Rbg2+ {[%emt 0:00:06]} 50. Kf1 {[%emt 0:00:00]} hxg5 {[%emt 0:00:33]} 51. fxg5 {[%emt 0:00:49]} Rxg5 {[%emt 0:00:02]} 52. Ra6 {[%emt 0:00:11]} b5 {[%emt 0:01:14]} 53. Rd6 {[%emt 0:00:24]} Rc5 {[%emt 0:00:10]} 54. Rd8+ {[%emt 0:00:54]} Kf7 {[%emt 0:00:22]} 55. Kg1 {[%emt 0:00:32]} Rb2 {[%emt 0:00:30]} 56. Rd7+ {[%emt 0:00:30]} Kf8 {[%emt 0:00:30]} 57. Rd1 {[%emt 0:00:30]} b4 {[%emt 0:00:30]} 58. Ra1 {[%emt 0:00:22]} Rc3 {[%emt 0:01:47]} 59. Ra8+ {[%emt 0:00:18]} Kf7 {[%emt 0:00:12]} 60. Ra7+ {[%emt 0:00:30]} Kg6 {[%emt 0:00:00]} 0-1